|
|
|
|
| LEADER |
00000ckm a2200000 a 4500 |
| 001 |
vtls001204577 |
| 003 |
SK-MaSNL |
| 005 |
20260331203008.0 |
| 007 |
kf co |
| 008 |
180703s1989 xo g 0kuslo |
| 015 |
|
|
|a SNBG1989
|
| 035 |
|
|
|a SNK000147647
|
| 040 |
|
|
|a SNK
|b slo
|c SNK
|e AACR2
|
| 041 |
0 |
|
|a slo
|
| 043 |
|
|
|a e-xo---
|
| 044 |
|
|
|a xo
|c SK
|
| 072 |
|
7 |
|a 913
|x Regionálna geografia
|2 konspekt
|
| 080 |
|
|
|a 913(437.6)
|2 2011
|
| 080 |
|
|
|a 908(437.6)
|2 2011
|
| 080 |
|
|
|a (084.121)
|2 2011
|
| 080 |
|
|
|a 352
|2 2011
|
| 080 |
|
|
|a 627.81
|2 2011
|
| 080 |
|
|
|a 556.51
|2 2011
|
| 080 |
|
|
|a 711.455
|2 2011
|
| 080 |
|
|
|a 725.84
|2 2011
|
| 080 |
|
|
|a 72.012.8
|2 2011
|
| 100 |
1 |
|
|a Rudnický, Viliam,
|d 1947-
|4 pht
|9 92815
|
| 245 |
1 |
0 |
|a Dolná Lehota
|h grafika
|b MNV : Vodná nádrž Krpáčová : celkový pohľad na obec : interiéry MNV
|c foto: V. Rudnický ; grafický návrh: S. Štubňa
|
| 246 |
1 |
|
|i Názov na obrazovej časti:
|a Dolná Lehota
|
| 260 |
|
|
|a Bratislava
|b ČSTK-Pressfoto
|c 1989
|e Skalica
|f Grafobal
|
| 300 |
|
|
|a 1 pohľadnica (5 čiastkových pohľadov)
|b farebná
|c 15 x 11 cm
|
| 520 |
8 |
|
|a Zobrazenie: Päť čiastkových pohľadov oddelentých bielymi líniami. V treťom pohľade je vľavo dole vodorovne oranžovým písmom názov. Pohľad na nárožnú budovu MNV. Pohľad na tri drevené člny na okraji vodnej nádrže pri brehu. V člnoch a okolo nich na brehu stojí niekoľko ľudí. V pozadí je na druhom brehu vidno hustý les. Vľavo je medzi stromami vidno poschodovú budovu. Vpravo je na okraji lesa iná poschodová budova. Pohľad na budovy v obci pod trávnatým svahom v popredí. Vľavo vidno časť koruny listnatého stromu. Stredom obce sa kľukatí cesta. Za obcou sú polia a lúky. Pohľad na interiér MNV, na rady sedačiek a okrasy na stenách. Pohľad na inú miestnosť na MNV. Na stene je okrasa s ľudovými motívmi, pod ňou je konferenčný stolík a vľavo a vpravo od neho sú dve fotelky
|
| 650 |
0 |
7 |
|a obecné úrady
|2 SNKPH
|9 69526
|
| 650 |
0 |
7 |
|a vodné nádrže
|2 SNKPH
|9 4190
|
| 650 |
0 |
7 |
|a rekreačné oblasti
|2 SNKPH
|9 69057
|
| 650 |
0 |
7 |
|a rekreačné zariadenia
|2 SNKPH
|9 3012
|
| 650 |
0 |
7 |
|a interiéry
|2 SNKPH
|9 2953
|
| 651 |
|
7 |
|a Dolná Lehota (Brezno, Slovensko)
|2 SNKPHgeo
|9 68014
|
| 655 |
|
7 |
|a geografické pohľadnice
|2 SNKPH
|9 70522
|
| 655 |
|
7 |
|a miestne pohľadnice
|2 SNKPH
|9 70510
|
| 700 |
1 |
|
|a Štubňa, Stanislav
|c (grafik)
|4 art
|9 283307
|
| 958 |
|
|
|a GBN
|
| 958 |
|
|
|a GC
|
| 958 |
|
|
|a OND
|
| 999 |
|
|
|c 968472
|d 970402
|
| 952 |
|
|
|a SNK
|b SNK
|y PREZ
|7 0
|p 17A1282184
|o snkSP 141438
|i snk363/90
|0 0
|1 0
|4 0
|d 2021-07-07
|f 1
|l 0
|r 2026-02-24 10:43:03
|w 2026-02-24
|
| 952 |
|
|
|a SNK
|b SNK
|y PREZ
|7 0
|p 17A1281604
|o snkSP 141438 D1
|i snk364/90
|0 0
|1 0
|4 0
|d 2021-07-07
|l 0
|r 2026-02-24 10:43:03
|w 2026-02-24
|